<?xml version="1.0" encoding="UTF-8"?>
<collection xmlns="http://www.loc.gov/MARC21/slim">
 <record>
  <leader>02780nam a2200289 a 4500</leader>
  <controlfield tag="001">1/49025</controlfield>
  <controlfield tag="008">190722s2019    gr            00010 gre  </controlfield>
  <datafield tag="020" ind1=" " ind2=" ">
   <subfield code="a">9789609864336</subfield>
  </datafield>
  <datafield tag="035" ind1=" " ind2=" ">
   <subfield code="l">52024</subfield>
  </datafield>
  <datafield tag="040" ind1=" " ind2=" ">
   <subfield code="a">GR-PeUP</subfield>
  </datafield>
  <datafield tag="082" ind1="0" ind2="0">
   <subfield code="a">331.1 ΚΟΣ</subfield>
  </datafield>
  <datafield tag="245" ind1="0" ind2="2">
   <subfield code="a">Ο κόσμος της εργασίας σήμερα :</subfield>
   <subfield code="b">παγκόσμιες προκλήσεις και προοπτικές /</subfield>
   <subfield code="c">επιμέλεια έκδοσης Μάρθα Θεοδώρου, Αφροδίτη Μακρυγιάννη ; γλωσσική επιμέλεια-διορθώσεις Φιλιώ Γκαβαλιζούδη.</subfield>
  </datafield>
  <datafield tag="250" ind1=" " ind2=" ">
   <subfield code="a">Ειδική έκδ.</subfield>
  </datafield>
  <datafield tag="260" ind1="0" ind2=" ">
   <subfield code="a">Αθήνα :</subfield>
   <subfield code="b">Οικονομική και Κοινωνική Επιτροπή της Ελλάδος,</subfield>
   <subfield code="c">2019.</subfield>
  </datafield>
  <datafield tag="300" ind1=" " ind2=" ">
   <subfield code="a">233 σ. :</subfield>
   <subfield code="b">εικ., φωτ. ;</subfield>
   <subfield code="c">21 εκ.</subfield>
  </datafield>
  <datafield tag="500" ind1=" " ind2=" ">
   <subfield code="a">Ο τόμος περιλαμβάνει τα πρακτικά της Διεθνούς Διάσκεψης για το Μέλλον της Εργασίας που διοργανώθηκε στην Αθήνα στις 23 και 24 Νοεμβρίου, 2017.</subfield>
  </datafield>
  <datafield tag="500" ind1=" " ind2=" ">
   <subfield code="a">Περιλαμβάνει παράρτημα.</subfield>
  </datafield>
  <datafield tag="500" ind1=" " ind2=" ">
   <subfield code="a">Με τον παρόντα τόμο η Ο.Κ.Ε. συμβάλλει στο διάλογο για το μέλλον της εργασίας, ζήτημα το οποίο βρίσκεται στην κορυφή των προβληματισμών σε παγκόσμιο επίπεδο και έχει ενταθεί με τις προκλήσεις της 4ης βιομηχανικής επανάστασης και την «gig economy». Η έκδοσή του συμπίπτει με τα 60 χρόνια συντονισμού της κοινωνικής ασφάλισης και τα 50 χρόνια της ελεύθερης διακίνησης των εργαζομένων στην Ευρωπαϊκή Ενωση, καθώς και με τα 100 χρόνια της Διεθνούς Οργάνωσης Εργασίας (ILO) το 2019.</subfield>
  </datafield>
  <datafield tag="610" ind1="2" ind2="0">
   <subfield code="a">International Labour Organisation.</subfield>
  </datafield>
  <datafield tag="650" ind1=" " ind2="4">
   <subfield code="a">Διεθνής Οργάνωση Εργασίας.</subfield>
  </datafield>
  <datafield tag="650" ind1=" " ind2="4">
   <subfield code="a">Πολιτική ανθρώπινου δυναμικού.</subfield>
  </datafield>
  <datafield tag="650" ind1=" " ind2="4">
   <subfield code="a">Πολιτική απασχόλησης</subfield>
   <subfield code="z">Ευρωπαϊκή Ένωση, Χώρες της.</subfield>
  </datafield>
  <datafield tag="700" ind1="1" ind2=" ">
   <subfield code="a">Θεοδώρου, Μάρθα.</subfield>
  </datafield>
  <datafield tag="700" ind1="1" ind2=" ">
   <subfield code="a">Μακρυγιάννη, Αφροδίτη Σ.</subfield>
  </datafield>
  <datafield tag="700" ind1="1" ind2=" ">
   <subfield code="a">Γκαβαλιζούδη, Φιλιώ.</subfield>
  </datafield>
  <datafield tag="852" ind1=" " ind2=" ">
   <subfield code="a">INST</subfield>
   <subfield code="b">UNIPILB</subfield>
   <subfield code="c">MAIN</subfield>
   <subfield code="e">20190722</subfield>
   <subfield code="h">331.1 ΚΟΣ</subfield>
   <subfield code="p">00181787</subfield>
   <subfield code="q">00181787</subfield>
   <subfield code="t">LOAN</subfield>
   <subfield code="y">0</subfield>
   <subfield code="4">2</subfield>
  </datafield>
  <datafield tag="852" ind1=" " ind2=" ">
   <subfield code="a">INST</subfield>
   <subfield code="b">UNIPILB</subfield>
   <subfield code="c">MAIN</subfield>
   <subfield code="e">20190722</subfield>
   <subfield code="h">331.1 ΚΟΣ</subfield>
   <subfield code="p">00181788</subfield>
   <subfield code="q">00181788</subfield>
   <subfield code="t">LOAN</subfield>
   <subfield code="y">0</subfield>
   <subfield code="4">1</subfield>
  </datafield>
 </record>
</collection>
